KOHA-Header-6

Clinical Cases in Infectious Diseases (Record no. 12774)

000 -LEADER
fixed length control field 00287nam a22001217a 4500
020 ## - INTERNATIONAL STANDARD BOOK NUMBER
ISBN 9780074716625
082 ## - DEWEY DECIMAL CLASSIFICATION NUMBER
Classification number 616.9
100 ## - MAIN ENTRY--AUTHOR NAME
Personal name Sanjaya Senanayake
245 ## - TITLE STATEMENT
Title Clinical Cases in Infectious Diseases
260 ## - PUBLICATION, DISTRIBUTION, ETC. (IMPRINT)
Place of publication Australia
Name of publisher McGraw Hill
Year of publication 2007
300 ## - PHYSICAL DESCRIPTION
Number of Pages 398 pages
942 ## - ADDED ENTRY ELEMENTS (KOHA)
Koha item type Books
Holdings
Withdrawn status Lost status Collection code Permanent Location Current Location Shelving location Date acquired Full call number Accession Number Koha item type
    Bio Sciences MAJU MAJU Shelf No.A37 2020-12-03 616.9 9940 Bio Science

Powered by Koha